Modern-Day Countries of the Moroccan Almoravid Empire on a Map - Statistics

General Stats
  • This quiz has been taken 4,015 times
  • The average score is 8 of 8
Answers on the Map
Answers color-coded by a green-red scale on the quiz's map according to % correct below.
 
Answer Stats
Countries % Correct
Algeria
100%
Morocco
100%
Portugal
99%
Spain
99%
Mali
98%
Mauritania
98%
Senegal
95%
Burkina Faso
90%
No matching quizzes found
Score Distribution
Percent of People with Each Score
Percentile by Number Answered
Your Score History
You have not taken this quiz